[Event "Ozieri op 13th"]
[Site "Ozieri"]
[Date "2014.08.03"]
[Round "6"]
[White "Pedranghelu, Mario"]
[Black "Careddu, Angelo"]
[Result "1/2-1/2"]
[WhiteElo "1392"]
[BlackElo "1446"]
[PlyCount "118"]
[EventDate "2014.07.31"]
[EventType "swiss"]
[EventRounds "7"]
[EventCountry "ITA"]
[SourceTitle "EXT 2016"]
[Source "ChessBase"]
[SourceDate "2015.10.08"]
[SourceVersion "1"]
[SourceVersionDate "2015.10.08"]
[SourceQuality "1"]

1. e4 d6 2. d4 Nf6 3. Nc3 g6 4. Nf3 Bg7 5. g3 c6 6. Bg2 b5 7. b4 a6 8. Be3 Ng4 9. Bf4 0-0 10. 0-0 Qb6 11. Qd2 Rd8 12. d5 Bb7 13. Rad1 a5 14. a3 axb4 15. axb4 Na6 16. h3 Nf6 17. Be3 Qc7 18. dxc6 Bxc6 19. Rb1 Nxe4 20. Nxe4 Bxe4 21. Bd4 Bxc2 22. Rfc1 Rac8 23. Bxg7 Kxg7 24. Nd4 Bxb1 25. Rxc7 Rxc7 26. Nxb5 Rc2 27. Qd4+ f6 28. Qe3 Rd7 29. Na3 Rb2 30. Qc3 Rxb4 31. Nxb1 Rxb1+ 32. Kh2 Nc5 33. h4 Rdb7 34. Bxb7 Rxb7 35. g4 e5 36. Qf3 Rd7 37. g5 f5 38. Qc3 Kf7 39. Qc4+ Ne6 40. Qc8 Nf8 41. Kg2 Ke7 42. Qc4 Ne6 43. Kg3 Rc7 44. Qb4 Kd7 45. Qa4+ Rc6 46. Qa7+ Nc7 47. h5 Rc3+ 48. Kg2 gxh5 49. Qa2 d5 50. Kf1 h4 51. Qa4+ Rc6 52. Qxh4 Kd6 53. Qxh7 Kc5 54. Qxf5 e4 55. Ke2 Ne6 56. Kd2 Kc4 57. f3 Nd4 58. Qg4 Nxf3+ 59. Ke2 Nxg5 1/2-1/2